000 00263nam a22001097a 4500
008 170118b xxu||||| |||| 00| 0 eng d
020 _a9780131884618
041 _aeng
080 _22ND
_a618.2
245 _aMEDICAL-SURGICAL NURSING CARE
_cBLACK, M
942 _2udc
_cBK
999 _c3073
_d3073